<?xml version="1.0" encoding="UTF-8"?>
<record
    xmlns:xsi="http://www.w3.org/2001/XMLSchema-instance"
    xsi:schemaLocation="http://www.loc.gov/MARC21/slim http://www.loc.gov/standards/marcxml/schema/MARC21slim.xsd"
    xmlns="http://www.loc.gov/MARC21/slim">

  <leader>00499nam a22001457a 4500</leader>
  <controlfield tag="003">SGT</controlfield>
  <datafield tag="082" ind1=" " ind2=" ">
    <subfield code="a">540, MAD</subfield>
  </datafield>
  <datafield tag="100" ind1=" " ind2=" ">
    <subfield code="a">KIRAN S.</subfield>
  </datafield>
  <datafield tag="245" ind1=" " ind2=" ">
    <subfield code="a">MODERN APPROACH TO PRACTICAL CHEMISTRY </subfield>
  </datafield>
  <datafield tag="260" ind1=" " ind2=" ">
    <subfield code="a">NEW DELHI </subfield>
    <subfield code="b">MODEARN </subfield>
    <subfield code="c">2014</subfield>
  </datafield>
  <datafield tag="300" ind1=" " ind2=" ">
    <subfield code="a">207</subfield>
  </datafield>
  <datafield tag="650" ind1=" " ind2=" ">
    <subfield code="a">CHEMISTRY &amp; ALLIED  SCIENCE  </subfield>
  </datafield>
  <datafield tag="653" ind1=" " ind2=" ">
    <subfield code="a">GENERAL INTRODUCTION , VOLUMETRIC  ANALYSIS-APPARATUS AND TECHNIQUES, POTASSIUM PERMANGANATE TITRATIONS,  IODINE TITRATIONS, CHEMICAL KINETICS, COLLOIDS, SURFACE TENSION </subfield>
  </datafield>
  <datafield tag="942" ind1=" " ind2=" ">
    <subfield code="2">ddc</subfield>
    <subfield code="c">FPS</subfield>
    <subfield code="0">2</subfield>
  </datafield>
  <datafield tag="952" ind1=" " ind2=" ">
    <subfield code="0">0</subfield>
    <subfield code="1">0</subfield>
    <subfield code="2">ddc</subfield>
    <subfield code="4">0</subfield>
    <subfield code="7">0</subfield>
    <subfield code="a">SSSL</subfield>
    <subfield code="b">SSSL</subfield>
    <subfield code="c">TXT</subfield>
    <subfield code="d">2016-06-27</subfield>
    <subfield code="e">BANSAL BOOKS DEP.</subfield>
    <subfield code="g">410.00</subfield>
    <subfield code="i">SGTU</subfield>
    <subfield code="l">10</subfield>
    <subfield code="o">540, MAD</subfield>
    <subfield code="p">PS634</subfield>
    <subfield code="r">2025-07-19 00:00:00</subfield>
    <subfield code="s">2025-07-19</subfield>
    <subfield code="w">2015-03-09</subfield>
    <subfield code="y">FPS</subfield>
    <subfield code="k">791</subfield>
  </datafield>
  <datafield tag="952" ind1=" " ind2=" ">
    <subfield code="0">0</subfield>
    <subfield code="1">0</subfield>
    <subfield code="2">ddc</subfield>
    <subfield code="4">0</subfield>
    <subfield code="7">0</subfield>
    <subfield code="a">SSSL</subfield>
    <subfield code="b">SSSL</subfield>
    <subfield code="c">TXT</subfield>
    <subfield code="d">2016-06-27</subfield>
    <subfield code="e">BANSAL BOOKS DEP.</subfield>
    <subfield code="g">410.00</subfield>
    <subfield code="i">SGTU</subfield>
    <subfield code="l">5</subfield>
    <subfield code="o">540, MAD</subfield>
    <subfield code="p">PS635</subfield>
    <subfield code="r">2018-12-03 00:00:00</subfield>
    <subfield code="s">2018-11-19</subfield>
    <subfield code="w">2015-03-09</subfield>
    <subfield code="y">FPS</subfield>
    <subfield code="k">791</subfield>
  </datafield>
  <datafield tag="999" ind1=" " ind2=" ">
    <subfield code="c">9243</subfield>
    <subfield code="d">9243</subfield>
  </datafield>
</record>
